000 00595nam a22001575i 4500
001 173046
003 ES-MaACL
005 20250702060047.0
008 091019s1894 sp |||| | spa d
100 1 _aSalmerón y Alonso, Nicolás,
_d1838-1908
_9101996
245 1 0 _aDiscursos pronunciados en las sesiones del Congreso de los Diputados en los días, 8, 9 y 11 de mayo de 1894 /
_cpor el ex-presidente Nicolás Salmerón y Alonso.
260 _aLorca :
_b[s.n.],
_c1894 (
_fImp. Luis Montiel)
300 _a42 p. ;
_c22 cm.
852 _aES-MaACL
_j1663-F-5
999 _c173046
_d173046